00633nam a2200193 i 4500001000300000100001600003245004900019260005800068300005300126504003100179650002100210655002600231020001500257040000800272041000700280080001300287008004100300856009800341bg1 aDRYGAS, Ewa10aĆwiczenia z rachunkowości /cEwa Drygas. aPoznań :bWydaw. Wyższej Szkoły Bankowej,c1996. a201 s., [1] k. tabl. złoż. :bfaks. ;c29 cm. aSpis treści także ang. 9aRachunkowość aĆwiczenia i zadania a8386808330 cBPK0 apl a657(076) s pl f |000 0 pol  uhttp://koha.tu.koszalin.pl/cgi-bin/koha/opac-detail.pl?biblionumber=31784yKatalog online BPK